中年夫婦成長輔導 Growth counseling for mid-years couples {ch} / (Record no. 4505)
[ view plain ]
| 000 -LEADER | |
|---|---|
| fixed length control field | 00824nam a2200205 4500 |
| 008 - FIXED-LENGTH DATA ELEMENTS--GENERAL INFORMATION | |
| fixed length control field | 040702s1991 ch 0 chiYA |
| 020 ## - INTERNATIONAL STANDARD BOOK NUMBER | |
| International Standard Book Number | 9623800444 |
| 090 ## - LOCALLY ASSIGNED LC-TYPE CALL NUMBER (OCLC); LOCAL CALL NUMBER (OCLC) | |
| Classification number (OCLC) (R) ; Classification number, CALL (RLIN) (NR) | BF724.6 |
| Local cutter number (OCLC) ; Book number/undivided call number, CALL (RLIN) | C61g |
| 100 1# - MAIN ENTRY--PERSONAL NAME | |
| Personal name | 克萊貝爾Clinebell, Howard J. |
| 245 10 - TITLE STATEMENT | |
| Title | 中年夫婦成長輔導 Growth counseling for mid-years couples {ch} / |
| Statement of responsibility, etc | Howard J. Clinebell. |
| 260 ## - PUBLICATION, DISTRIBUTION, ETC. (IMPRINT) | |
| Place of publication, distribution, etc | Taiwan : |
| Name of publisher, distributor, etc | 道聲出版社 Taosheng Publishing, |
| Date of publication, distribution, etc | c1991. |
| 300 ## - PHYSICAL DESCRIPTION | |
| Extent | 88 p. |
| 490 1# - SERIES STATEMENT | |
| Series statement | Creative pastoral care and counseling series |
| 504 ## - BIBLIOGRAPHY, ETC. NOTE | |
| Bibliography, etc | Includes bibliographical references |
| 650 #4 - SUBJECT ADDED ENTRY--TOPICAL TERM | |
| Topical term or geographic name as entry element | Marriage |
| General subdivision | Religious aspects |
| -- | Christianity{ch}. |
| 650 #4 - SUBJECT ADDED ENTRY--TOPICAL TERM | |
| Topical term or geographic name as entry element | 中年婚姻辅导 Middle age |
| General subdivision | Psychological aspects{ch}. |
| 650 #4 - SUBJECT ADDED ENTRY--TOPICAL TERM | |
| Topical term or geographic name as entry element | 婚姻辅导 Marriage counseling{ch}. |
| 951 ## - EQUIVALENCE OR CROSS-REFERENCE-GEOGRAPHIC NAME/AREA NAME [OBSOLETE] [CAN/MARC only] | |
| General subdivision | 00010689 |
| 950 0# - LOCAL HOLDINGS (RLIN) | |
| -- | 8.00 |
| 951 ## - EQUIVALENCE OR CROSS-REFERENCE-GEOGRAPHIC NAME/AREA NAME [OBSOLETE] [CAN/MARC only] | |
| -- | C-3527 |
| -- | BF724.6/C61g |
| -- | 070613111010968 |
| -- | 2000-12-21 |
| -- | CH |
| Withdrawn status | Lost status | Damaged status | Not for loan | Home library | Current library | Shelving location | Date acquired | Accession number | Shelving control number | Total Checkouts | Full call number | Barcode | Date last seen | Price effective from | Koha item type | Source of classification or shelving scheme |
|---|---|---|---|---|---|---|---|---|---|---|---|---|---|---|---|---|
| BSOP Library | BSOP Library | Chinese Books (General Circulation) | 12/21/2000 | C-3527 | 127 | BF724.6/C61g | 00010689 | 02/23/2013 | 02/23/2013 | Books | ||||||
| BSOP Library | BSOP Library | Chinese Books (General Circulation) | 07/04/2015 | C-14425 | CH BF 724.6 C61g c.3 | 00046829 | 07/04/2015 | 07/04/2015 | Books | Library of Congress Classification |
